000 00276pab a2200121 454500
008 180718b xxu||||| |||| 00| 0 eng d
100 _aHardwari, Lal
245 _aWhen Speakers are partisan
650 _a Speaker
650 _aLegislatures
773 _aTribune
909 _a21824
999 _c21824
_d21824